Antonio Peláez / (Record no. 3259)
[ view plain ]
| 000 -CABECERA | |
|---|---|
| campo de control de longitud fija | 00673nam a2200217 a 4500 |
| 005 - FECHA Y HORA DE LA ÚLTIMA TRANSACCIÓN | |
| campo de control | 20220606094002.0 |
| 008 - ELEMENTOS DE LONGITUD FIJA--INFORMACIÓN GENERAL | |
| campo de control de longitud fija | 991125s1973 mx 000 0 spa u |
| 035 ## - NÚMERO DE CONTROL DEL SISTEMA | |
| Número de control de sistema | UPN01000003259 |
| 049 ## - COLECCIÓN | |
| Colección | SEP |
| 050 #4 - SIGNATURA TOPOGRÁFICA DE LA BIBLIOTECA DEL CONGRESO | |
| Número de clasificación | ND249 P45 |
| Número de documento/Ítem | P3.3 |
| 100 1# - ASIENTO PRINCIPAL--NOMBRE PERSONAL | |
| Nombre de persona | Paz, Octavio, |
| Fechas asociadas al nombre | 1914-1998 |
| 245 10 - MENCIÓN DE TÍTULO | |
| Título | Antonio Peláez / |
| Mención de responsabilidad, etc. | Octavio Paz. |
| 260 ## - PUBLICACIÓN, DISTRIBUCIÓN, ETC. | |
| Lugar de publicación, distribución, etc. | México : |
| Nombre del editor, distribuidor, etc. | INBA, |
| Fecha de publicación, distribución, etc. | 1973. |
| 300 ## - DESCRIPCIÓN FÍSICA | |
| Extensión | 1 h. pleg. |
| 500 ## - NOTA GENERAL | |
| Nota general | "60 Oleos de Antonio Peláez, 24 de octubre de 1973, 19:30 horas" |
| 500 ## - NOTA GENERAL | |
| Nota general | "Sala nacional" |
| 500 ## - NOTA GENERAL | |
| Nota general | "Palacio de Bellas Artes" |
| 600 14 - ASIENTO SECUNDARIO DE MATERIA - NOMBRE PERSONAL | |
| Nombre de persona | PELAEZ, ANTONIO, |
| Fechas asociadas al nombre | 1921-1994 - |
| Subdivisión general | CRITICA E INTERPRETACION |
| 9 (RLIN) | 23695 |
| 650 #2 - ASIENTO SECUNDARIO DE MATERIA - TERMINO TEMATICO | |
| Término de materia o nombre geográfico como elemento de entrada | Pintores mexicanos |
| 9 (RLIN) | 18893 |
| 905 ## - TIPO DE MATERIAL | |
| Tipo de material | Libro |
| Estado de retiro | Estado de pérdida | Fuente del sistema de clasificación o colocación | Estado dañado | No para préstamo | Código de colección | Localización permanente | Ubicación/localización actual | Ubicación en estantería | Fecha de adquisición | Clasificación | Código de barras | Fecha visto por última vez | Número de copia | Tipo de ítem Koha |
|---|---|---|---|---|---|---|---|---|---|---|---|---|---|---|
| Library of Congress Classification | Coleccion SEP | Colección SEP | Bib. Gregorio Torres Quintero | Bib. Gregorio Torres Quintero | Colección SEP | 09/05/2023 | ND249 P45 P3.3 | 17219F | 31/12/2020 | 1 | Libro |
